Asterix and the Roman Agent

Bibliographic Details
Format: Book
Published: London : Hodder Dargaud , 1970

MARC

LEADER 00000cam a2200000 7i4500
001 0000003432
002 000003700
005 20000330.0
020 |a 0340191686 
090 0 0 |a c   |b AST 
245 1 0 |a Asterix and the Roman Agent   |c Goscinny 
260 |a London :   |b Hodder Dargaud ,   |c 1970 
300 |a 48p. ;   |c 29cm. 
999 |a 036950   |b BUKU   |c CARTOON   |e PERPUSTAKAAN KOMUNITI PETALING JAYA